Alle Teams wo Jürgen Klopp gespielt oder trainiert hat - Statistics

General Stats
  • This quiz has been taken 9 times
  • The average score is 4 of 9
Answer Stats
Hint Answer % Correct
TR Borussia Dortmund
100%
TR Liverpool FC
100%
SP 1.FSV Mainz 05
89%
TR 1.FSV Mainz 05
89%
SP 1.FC Pforzheim
11%
SP Eintracht Frankfurt (Amateure)
11%
TR Eintracht Frankfurt(D-Jugend)
11%
SP Rot-Weiß Frankfurt
0%
SP Viktoria Sindlingen
0%
No matching quizzes found
Score Distribution
Percent of People with Each Score
Percentile by Number Answered
Your Score History
You have not taken this quiz